000
00379nam a22001217a 4500
040
_c
RUA
082
_a
ANN OUK 2019 A126 Or.1
100
_a
OUK MAKARA, អ៊ុក ម៉ាការា
245
_a
Annual Report 2019 , របាយការណ៍ប្រចាំឆ្នាំ២០១៩
260
_a
PHNOM PENH
_b
RUA
_c
2019
300
_a
vii,
_b
ill,
_c
29cm,
942
_c
REC
999
_c
25181
_d
25181